[Event "V Weekend A Dicembrino"]
[Site "Vimercate ITA"]
[Date "2011.11.27"]
[Round "5"]
[White "Oteri, Aldo"]
[Black "Gonella, Daniele"]
[WhiteElo "1781"]
[BlackElo "2103"]
[Result "0-1"]
[PlyCount "44"]
[EventDate "2011.11.25"]

1. e4 e5 2. Nf3 Nc6 3. Bb5 a6 4. Ba4 b5 5. Bb3 Nf6 6. O-O Nxe4 7. d4 d5 8. dxe5
Be6 9. c3 Bc5 10. Nbd2 O-O 11. Nxe4 dxe4 12. Bxe6 Qxd1 13. Rxd1 fxe6 14. Nd4
Nxe5 15. Be3 Bxd4 16. Rxd4 Nc4 17. Rxe4 Nxb2 18. Rxe6 Rf6 19. Re4 Rc8 20. h3 c5
21. Rb1 Na4 22. c4 Nc3 0-1

[Event "V Weekend A Dicembrino"]
[Site "Vimercate ITA"]
[Date "2011.11.27"]
[Round "5"]
[White "Ranfagni, Stefano"]
[Black "Bonassi, Tommaso"]
[WhiteElo "1998"]
[BlackElo "1843"]
[Result "0-1"]
[PlyCount "70"]
[EventDate "2011.11.25"]

1. e4 e5 2. Nf3 d6 3. d4 Nd7 4. Nc3 c6 5. Be3 Be7 6. Bc4 Ngf6 7. h3 b5 8. Bd3
O-O 9. O-O Qc7 10. a3 a6 11. Ne2 d5 12. Ng3 dxe4 13. Nxe4 Nxe4 14. Bxe4 f5 15.
Bg5 Nf6 16. Bxc6 Qxc6 17. Nxe5 Qd5 18. c3 Bb7 19. f3 Bd6 20. Re1 Rae8 21. Bf4
Nh5 22. Bh2 f4 23. Nd3 Re3 24. Rxe3 fxe3 25. Bxd6 Qxd6 26. Ne5 Nf4 27. Qb3+ Bd5
28. Qb4 Qd8 29. Ng4 Nxg2 30. Kxg2 Bxf3+ 31. Kg3 Bxg4 32. Qb3+ Kh8 33. Kxg4 h5+
34. Kg3 Qg5+ 35. Kh2 Rf2+ 0-1

[Event "V Weekend A Dicembrino"]
[Site "Vimercate ITA"]
[Date "2011.11.27"]
[Round "5"]
[White "Riboldi, Raffaele"]
[Black "Battistini, Ercole"]
[WhiteElo "1887"]
[BlackElo "1900"]
[Result "1-0"]
[PlyCount "67"]
[EventDate "2011.11.25"]

1. d4 Nf6 2. c4 g6 3. Nc3 Bg7 4. e4 d6 5. Nge2 O-O 6. Ng3 e5 7. d5 c6 8. Be2
cxd5 9. cxd5 Nbd7 10. O-O h5 11. Bg5 a6 12. a4 Qe8 13. Qd2 Kh7 14. Rfc1 Nc5 15.
Ra3 Ng8 16. b4 Nd7 17. f3 f6 18. Be3 h4 19. Nh1 f5 20. exf5 gxf5 21. Bd3 Ndf6
22. Bg5 Qh5 23. Nf2 Kh8 24. Be2 f4 25. Nce4 Bf5 26. Bxf6 Rxf6 27. Nxf6 Nxf6 28.
Rc7 Rg8 29. Ne4 Qg6 30. Nxd6 Bh3 31. Bd3 e4 32. Bxe4 Nxe4 33. Nxe4 Bd4+ 34.
Qxd4+ 1-0

[Event "V Weekend A Dicembrino"]
[Site "Vimercate ITA"]
[Date "2011.11.27"]
[Round "5"]
[White "Ruggeri, Igor"]
[Black "Brambilla, Luca Massimo"]
[WhiteElo "1534"]
[BlackElo "1621"]
[Result "0-1"]
[PlyCount "74"]
[EventDate "2011.11.25"]

1. d4 d5 2. c4 c6 3. Nf3 Nf6 4. Nc3 e6 5. e3 Nbd7 6. cxd5 exd5 7. Bd3 Bd6 8.
O-O O-O 9. Qc2 h6 10. Re1 Re8 11. Bd2 c5 12. Nb5 Bf8 13. Bf5 c4 14. b3 a6 15.
Nc3 Nb6 16. e4 Bxf5 17. exf5 Qc7 18. Ne5 Bd6 19. Ne2 Bxe5 20. dxe5 Qxe5 21. Bc3
Qd6 22. bxc4 Nxc4 23. Rad1 Rad8 24. Ng3 Rxe1+ 25. Bxe1 b5 26. Qb3 Qe5 27. Bc3
d4 28. Re1 Qc7 29. Ba1 Qa5 30. Rd1 Re8 31. Bxd4 Re1+ 32. Rxe1 Qxe1+ 33. Nf1 Nd2
34. Qd3 Nfe4 35. Be3 Nc3 36. h3 Ne2+ 37. Kh2 Nxf1+ 0-1

[Event "V Weekend A Dicembrino"]
[Site "Vimercate ITA"]
[Date "2011.11.27"]
[Round "5"]
[White "Sala, Giovanni"]
[Black "Lapiccirella, Mattia"]
[WhiteElo "1985"]
[BlackElo "2209"]
[Result "1/2-1/2"]
[PlyCount "38"]
[EventDate "2011.11.25"]

1. c4 Nf6 2. g3 c5 3. Bg2 e6 4. Nf3 a6 5. O-O Qc7 6. Nc3 Be7 7. b3 O-O 8. Bb2
d6 9. d4 cxd4 10. Nxd4 Nc6 11. Rc1 Ne5 12. Qd2 Bd7 13. h3 Rac8 14. e4 Qb8 15.
a4 Rfd8 16. Ba3 Bf8 17. Rfd1 Nc6 18. Qb2 h6 19. Rd2 Nxd4 1/2-1/2

[Event "V Weekend A Dicembrino"]
[Site "Vimercate ITA"]
[Date "2011.11.27"]
[Round "5"]
[White "Stucchi, Gaia"]
[Black "Galli, Giuliano"]
[WhiteElo "1356"]
[BlackElo "1616"]
[Result "1/2-1/2"]
[PlyCount "43"]
[EventDate "2011.11.25"]

1. e4 c5 2. Nf3 d6 3. c3 Nf6 4. e5 dxe5 5. Nxe5 e6 6. d4 cxd4 7. cxd4 Be7 8.
Nc3 O-O 9. Be3 Nbd7 10. Be2 Nb6 11. Bf3 Nbd5 12. Nxd5 Nxd5 13. Bxd5 Qxd5 14.
O-O Bd7 15. Nxd7 Qxd7 16. Rc1 Rfc8 17. Qf3 Rxc1 18. Rxc1 Rc8 19. Qd1 a6 20. Rc2
Rxc2 21. Qxc2 Bf6 22. Qd2 1/2-1/2

[Event "V Weekend A Dicembrino"]
[Site "Vimercate ITA"]
[Date "2011.11.27"]
[Round "5"]
[White "Tahiraj, Almir"]
[Black "Corno, Sergio"]
[WhiteElo "1799"]
[BlackElo "1965"]
[Result "1/2-1/2"]
[PlyCount "29"]
[EventDate "2011.11.25"]

1. d4 f5 2. g3 e6 3. Bg2 d5 4. Nf3 Bd6 5. c4 c6 6. Nc3 Nf6 7. cxd5 exd5 8. Bf4
Bxf4 9. gxf4 O-O 10. Ne5 Ne4 11. Bxe4 fxe4 12. e3 Qe7 13. a3 Nd7 14. Nxd7 Bxd7
15. h4 1/2-1/2

[Event "V Weekend A Dicembrino"]
[Site "Vimercate ITA"]
[Date "2011.11.27"]
[Round "5"]
[White "Tassini, Marco"]
[Black "Pecorario, Stefano"]
[WhiteElo "1867"]
[BlackElo "1533"]
[Result "1/2-1/2"]
[PlyCount "131"]
[EventDate "2011.11.25"]

1. e4 e5 2. d4 exd4 3. c3 dxc3 4. Bc4 d6 5. Qb3 Qd7 6. Ne2 Nc6 7. Qxc3 Ne5 8.
Bb3 Nf6 9. Bc2 Be7 10. O-O O-O 11. f4 Nc6 12. Nd2 b6 13. Ng3 d5 14. e5 Ng4 15.
Bf5 Bc5+ 16. Qxc5 bxc5 17. Bxd7 Bxd7 18. b3 Rab8 19. a4 Nd4 20. Rb1 Ne3 21. Ba3
Nxf1 22. Kxf1 Ne6 23. f5 Nd4 24. f6 gxf6 25. Bxc5 fxe5 26. Bxa7 Rb7 27. Bxd4
exd4 28. Ne2 c5 29. Nc1 c4 30. Ra1 d3 31. bxc4 dxc4 32. Nxc4 Be6 33. Ne3 Rd8
34. Kf2 Bb3 35. Nxb3 Rxb3 36. a5 d2 37. Nd1 Rb7 38. Ke2 Rc7 39. a6 Re7+ 40. Kf2
Ra7 41. Ke2 Rd6 42. Ne3 Raxa6 43. Rb1 Ra8 44. Nc4 d1=Q+ 45. Rxd1 Rxd1 46. Kxd1
Ra2 47. Nd2 Kg7 48. Ke2 Kg6 49. Ke3 Kf5 50. h3 h5 51. g3 f6 52. Nf3 Ra4 53.
Nd4+ Kg6 54. h4 Rxd4 55. Kxd4 Kf5 56. Ke3 Kg4 57. Kf2 f5 58. Kg2 f4 59. gxf4
Kxf4 60. Kh3 Kf3 61. Kh2 Kg4 62. Kg2 Kxh4 63. Kh2 Kg4 64. Kg2 h4 65. Kh2 h3 66.
Kh1 1/2-1/2

[Event "V Weekend A Dicembrino"]
[Site "Vimercate ITA"]
[Date "2011.11.27"]
[Round "5"]
[White "Valsecchi, Alessio"]
[Black "Marholev, Dimitar"]
[WhiteElo "2376"]
[BlackElo "2372"]
[Result "1-0"]
[PlyCount "111"]
[EventDate "2011.11.25"]

1. e4 e5 2. f4 exf4 3. Bc4 Nf6 4. Nc3 c6 5. Bb3 d5 6. exd5 Bd6 7. d4 O-O 8.
Nge2 f3 9. gxf3 Nxd5 10. Qd3 Qh4+ 11. Kd1 Nxc3+ 12. bxc3 Re8 13. Be3 Qh5 14.
Kd2 Bf5 15. Ng3 Bxg3 16. hxg3 Qxf3 17. Bxf7+ Kxf7 18. Raf1 Qxe3+ 19. Qxe3 Rxe3
20. Kxe3 Ke6 21. g4 Bxg4 22. Rxh7 Nd7 23. Rxg7 Bh5 24. Kd2 Nf6 25. Rxb7 Rg8 26.
Re1+ Kd6 27. c4 Rg4 28. Kc3 c5 29. d5 Ne4+ 30. Kb2 Rf4 31. Rxa7 Bg4 32. Ra6+
Ke5 33. d6 Bd7 34. Ra7 Rf7 35. Rd1 Ke6 36. a4 Rf8 37. Re1 Rb8+ 38. Ka3 Bc6 39.
Ra6 Kd7 40. Rxc6 Kxc6 41. Rxe4 Kxd6 42. c3 Rb1 43. Ka2 Rh1 44. Re2 Rh8 45. Ka3
Rh1 46. a5 Ra1+ 47. Ra2 Rb1 48. a6 Kc6 49. a7 Kb7 50. Rb2+ Rxb2 51. Kxb2 Kxa7
52. Kc2 Kb6 53. Kd3 Kc7 54. Ke4 Kd6 55. Kf5 Kd7 56. Ke5 1-0

[Event "V Weekend A Dicembrino"]
[Site "Vimercate ITA"]
[Date "2011.11.27"]
[Round "5"]
[White "Villa, Giorgio"]
[Black "Gojani, Mentor"]
[WhiteElo "1924"]
[BlackElo "2041"]
[Result "1-0"]
[PlyCount "38"]
[EventDate "2011.11.25"]

1. d4 d5 2. Nf3 f5 3. g3 Nf6 4. Bg2 e6 5. O-O Bd6 6. c4 c6 7. b3 O-O 8. Bb2 Bd7
9. Ne5 Be8 10. Nd2 Nbd7 11. Ndf3 Bh5 12. Nd3 Qc7 13. Nfe5 Ng4 14. Nf4 Be8 15.
Nxe6 Qb8 16. Nxg4 Rf6 17. Nxf6+ Nxf6 18. cxd5 cxd5 19. Qd2 h5 1-0